Multiples of 12 Quiz - Statistics

General Stats
  • This quiz has been taken 346 times
  • The average score is 24 of 25
Answer Stats
Answer % Correct
12
100%
24
100%
36
100%
48
99%
60
99%
72
99%
108
98%
84
98%
96
97%
120
96%
132
96%
144
96%
156
94%
180
94%
168
93%
192
93%
204
93%
216
93%
228
93%
240
93%
252
93%
264
93%
276
92%
288
92%
300
91%
No matching quizzes found
Score Distribution
Percent of People with Each Score
Percentile by Number Answered
Your Score History
You have not taken this quiz